<?xml version="1.0" encoding="UTF-8"?>
<collection xmlns="http://www.loc.gov/MARC21/slim">
 <record>
  <leader>00740nam a22001931  4500</leader>
  <controlfield tag="001">1/13289</controlfield>
  <controlfield tag="008">980629s1972    gre            001  eng d</controlfield>
  <datafield tag="035" ind1=" " ind2=" ">
   <subfield code="l">13745</subfield>
  </datafield>
  <datafield tag="040" ind1=" " ind2=" ">
   <subfield code="a">GR-PeUP</subfield>
  </datafield>
  <datafield tag="082" ind1="0" ind2="0">
   <subfield code="a">304.82 TA</subfield>
  </datafield>
  <datafield tag="100" ind1="1" ind2=" ">
   <subfield code="a">Ταβούχης, Νικόλαος.</subfield>
  </datafield>
  <datafield tag="245" ind1="1" ind2="0">
   <subfield code="a">Family and mobility among greek - americans /</subfield>
   <subfield code="c">by Nicholas Tavuchis.</subfield>
  </datafield>
  <datafield tag="260" ind1=" " ind2=" ">
   <subfield code="a">Athens :</subfield>
   <subfield code="b">Εθνικόν Κέντρον Κοινωνικών Ερευνών,</subfield>
   <subfield code="c">1972.</subfield>
  </datafield>
  <datafield tag="300" ind1=" " ind2=" ">
   <subfield code="a">191p. :</subfield>
   <subfield code="b">tabl. ;</subfield>
   <subfield code="c">23cm.</subfield>
  </datafield>
  <datafield tag="504" ind1=" " ind2=" ">
   <subfield code="a">Bibliography.</subfield>
  </datafield>
  <datafield tag="650" ind1=" " ind2="4">
   <subfield code="a">Greeks in the United States.</subfield>
  </datafield>
  <datafield tag="650" ind1=" " ind2="4">
   <subfield code="a">Immigration.</subfield>
  </datafield>
  <datafield tag="710" ind1="2" ind2="0">
   <subfield code="a">Εθνικό Κέντρο Κοινωνικών Ερευνών.</subfield>
  </datafield>
  <datafield tag="852" ind1=" " ind2=" ">
   <subfield code="a">INST</subfield>
   <subfield code="b">UNIPILB</subfield>
   <subfield code="c">MAIN</subfield>
   <subfield code="e">20040709</subfield>
   <subfield code="h">304.82 TA</subfield>
   <subfield code="p">00115389</subfield>
   <subfield code="q">00115389</subfield>
   <subfield code="t">LOAN</subfield>
   <subfield code="y">0</subfield>
   <subfield code="4">1</subfield>
  </datafield>
 </record>
</collection>
